|
|
|
|
| LEADER |
01181nam a2200301 a 4500 |
| 001 |
c000137732 |
| 003 |
CARM |
| 005 |
00000000000000.0 |
| 008 |
710930s1971 nyua b 00110 eng |
| 019 |
1 |
|
|a 23854598
|z 319434
|z 27497980
|5 LACONCORD2021
|
| 020 |
|
|
|a 0155880136(pbk.)
|
| 035 |
|
|
|a (OCoLC)184456
|5 LACONCORD2021
|
| 040 |
|
|
|d XCC
|
| 050 |
0 |
0 |
|a LB1585
|b .L3
|
| 082 |
1 |
|
|a 372.3/5/044
|2 19
|
| 100 |
1 |
|
|a Lansdown, Brenda.
|
| 245 |
1 |
0 |
|a Teaching elementary science through investigation and colloquium /
|c Brenda Lansdown, Paul E. Blackwood, Paul F. Brandwein.
|
| 260 |
|
|
|a New York :
|b Harcourt Brace Jovanovich,
|c [1971]
|
| 300 |
|
|
|a xiv, 433 p. :
|b ill. ;
|c 24 cm.
|
| 500 |
|
|
|a Includes index.
|
| 504 |
|
|
|a Bibliography: p. 401-422.
|
| 650 |
|
0 |
|a Science
|x Study and teaching (Primary)
|
| 650 |
|
0 |
|a Concept learning.
|
| 700 |
1 |
|
|a Blackwood, Paul E.
|q (Paul Everett),
|d 1913-
|
| 700 |
1 |
|
|a Brandwein, Paul F.
|q (Paul Franz),
|d 1912-
|
| 852 |
8 |
|
|b CARM
|h A2:AN29C1
|i D03913
|p 0182561
|f BK
|
| 999 |
f |
f |
|i 1d37d80c-5574-526c-9946-6d0c1466d363
|s b56a0e74-156a-5c86-9833-550df15e4186
|
| 952 |
f |
f |
|p Can circulate
|a CAVAL
|b CAVAL
|c CAVAL
|d CARM 1 Store
|e D03913
|f A2:AN29C1
|h Other scheme
|i book
|m 0182561
|